000 00415nam a2200169Ia 4500
008 131103s9999 xx 000 0 und d
040 _aLoreto College
041 _aEnglish
082 _a842/HUG
_bLCLIB
100 _aHugo, Victor
245 _aHernani
_cVictor Hugo
260 _aLondon
_bBlackie and son
_c1917
300 _a116p.
_c 18cm.
650 _aFrench drama
850 _aLCLIB/842/HUG
942 _cBK
999 _c24098
_d74577